000 00816nam a2200253Ia 4500
003 OSt
005 20221005093346.0
006 a|||||r|||| 00| 0
007 ta
008 221004b |||||||| |||| 00| 0 eng d
020 _a0393059480 (hbk)
_c1081
024 _a86473
037 _bG-1525/07-08, 24/10/2007, Manohar Publisher & Distributors
_cTextual
040 _aCRL
_cCRL
_beng
041 _2eng
_aeng
082 _aS:7, P6
100 _aHarris Judith Rich
_9618307
245 0 _aNo two alike
_b human nature and human individuality
260 _aNew York
_bW.W. Norton & Company U.S.A
_c2006
300 _axi, 322p.
_ccm.
650 _aPSYCHOLOGY
942 _hS:7, P6
_cTEXL
_2cc
999 _c1000240
_d1000240